|
|
|
|
| LEADER |
01155nam a2200301 a 4500 |
| 001 |
c000044287 |
| 003 |
CARM |
| 005 |
19850916000000.0 |
| 008 |
790608s1978 fr a b i000 0 eng |
| 010 |
|
|
|a 79305322 //r852
|
| 015 |
|
|
|a F***
|
| 019 |
1 |
|
|a 1441083
|z 45110423
|z 46542051
|5 LACONCORD2021
|
| 020 |
|
|
|a 9264117954 :
|c $13.00
|
| 035 |
|
|
|a (OCoLC)5125788
|5 LACONCORD2021
|
| 040 |
|
|
|a LC
|b eng
|c LC
|d LC
|
| 043 |
|
|
|a e------
|
| 050 |
0 |
0 |
|a HT131
|b .O73 1978
|
| 082 |
0 |
4 |
|a 301.36/1/094
|
| 110 |
2 |
|
|a Organisation for Economic Co-operation and Development.
|
| 245 |
1 |
0 |
|a For better urban living.
|
| 260 |
|
|
|a Paris :
|b Organisation for Economic Co-operation and Development ;
|a [Washington, D.C. :
|b sold by OECD Publications Center],
|c 1978.
|
| 300 |
|
|
|a 108 p. :
|b ill. ;
|c 20 x 27 cm.
|
| 504 |
|
|
|a Bibliography: p. 107-108.
|
| 650 |
|
0 |
|a Urban policy
|z Europe.
|
| 650 |
|
0 |
|a Infrastructure (Economics)
|z Europe.
|
| 852 |
8 |
|
|b CARM
|h A2:AH03C0
|i D02122
|p 0059851
|f BK
|
| 999 |
f |
f |
|i 56933875-3874-5646-af49-a69544516da2
|s a7bde69c-e5e9-5beb-9d36-db50cdc7505b
|
| 952 |
f |
f |
|p Can circulate
|a CAVAL
|b CAVAL
|c CAVAL
|d CARM 1 Store
|e D02122
|f A2:AH03C0
|h Other scheme
|i book
|m 0059851
|